000 00546nam a2200181Ia 4500
003 IN-BaIIA
008 211028s9999 xx 000 0 eng d
040 _cIIA Library
080 _a539.29
_bROB
100 _aRoberts, John D.
_94047
245 0 _aNotes on molecular orbital calculations
_cJohn D. Roberts
260 _aNew York
_bW. A. Benjamin
_c1962
300 _aix, 156p.
650 _aMolecular collisions
_94048
650 _aMolecular physics
_91914
650 _aNASA Thesaurus
942 _cBK
999 _c2249
_d2249